| 000 | 00496nam a22001457a 4500 | ||
|---|---|---|---|
| 020 | _a9781119786306 | ||
| 082 |
_a621.042 _bPRI |
||
| 100 | _aPriyadarshi, Neeraj | ||
| 245 |
_a Intelligent renewable energy systems : _b integrating artificial intelligence techniques and optimization algorithms/ _cNeeraj Priyadarshi |
||
| 260 |
_a Hoboken : _bWiley, _c2022. |
||
| 300 | _axvi, 450 p : | ||
| 563 | _aHB | ||
| 700 |
_a Akash Kumar Bhoi, Sanjeevikumar Padmanaban _9112465 |
||
| 942 |
_2ddc _cBK |
||
| 999 |
_c594819 _d594819 |
||